images (140×140)   Dow University of Health Sciences Library Catalogue

Welcome to Dow University of Health Sciences Library Online Public Access Catalog

Neural Tube Defects (Record no. 18846)

MARC details
000 -LEADER
fixed length control field 00330nam a2200133Ia 4500
008 - FIXED-LENGTH DATA ELEMENTS--GENERAL INFORMATION
fixed length control field 241014s9999||||xx |||||||||||||| ||und||
020 ## - INTERNATIONAL STANDARD BOOK NUMBER
International Standard Book Number 1-57444-859-5
060 ## - NATIONAL LIBRARY OF MEDICINE CALL NUMBER
Classification number W1 O 2007
100 ## - MAIN ENTRY--PERSONAL NAME
Personal name Oppenheimer,Snya G
245 #0 - TITLE STATEMENT
Title Neural Tube Defects
260 ## - PUBLICATION, DISTRIBUTION, ETC.
Place of publication, distribution, etc. New York
Name of publisher, distributor, etc. Informa Healthcare
Date of publication, distribution, etc. 2007
300 ## - PHYSICAL DESCRIPTION
Extent 280
942 ## - ADDED ENTRY ELEMENTS (KOHA)
-- ION
Koha item type Books

No items available.




©2026, All rights reserved. Dow University of Health Sciences, Karachi, Pakistan.